প্যান / (Record no. 48358)
[ view plain ]
| 000 -LEADER | |
|---|---|
| fixed length control field | 01116nam a2200253 a 4500 |
| 001 - CONTROL NUMBER | |
| control field | 48358 |
| 003 - CONTROL NUMBER IDENTIFIER | |
| rucl marc code | BD-RjUL |
| 005 - DATE AND TIME OF LATEST TRANSACTION | |
| control field | 20211209054517.0 |
| 008 - FIXED-LENGTH DATA ELEMENTS--GENERAL INFORMATION | |
| fixed length control field | 160813s1929 ii ||||e |||| 00| f ben d |
| 020 ## - INTERNATIONAL STANDARD BOOK NUMBER | |
| Terms of availability | : Tk. 1.50 |
| 035 ## - SYSTEM CONTROL NUMBER | |
| System control number | (BD-RjUL)48477 |
| 040 ## - CATALOGING SOURCE | |
| Original cataloging agency | BD-RjUL |
| Language of cataloging | ben |
| Transcribing agency | BD-RjUL |
| Modifying agency | BD-RjUL |
| 041 ## - LANGUAGE CODE | |
| Language code of text/sound track or separate title | ben |
| 082 ## - DEWEY DECIMAL CLASSIFICATION NUMBER | |
| Edition number | 23 |
| Classification number | 839.82 |
| Author mark and year | HAP 1929 |
| 100 ## - MAIN ENTRY--PERSONAL NAME | |
| Personal name | হ্যামসুন, ন্যুট |
| 9 (RLIN) | 120717 |
| 245 10 - TITLE STATEMENT | |
| Title | প্যান / |
| Statement of responsibility, etc. | ন্যুট হ্যামসুন, অনুবাদ : অচিন্তকুমার সেনগুপ্ত |
| 260 ## - PUBLICATION, DISTRIBUTION, ETC. (IMPRINT) | |
| Place of publication, distribution, etc. | কলকাতা : |
| Name of publisher, distributor, etc. | গুপ্ত ফ্রেন্ডস এন্ড কোং, |
| Date of publication, distribution, etc. | ১৯২৯ |
| 300 ## - PHYSICAL DESCRIPTION | |
| Pagination | ১৯০ পৃ. ; |
| Size | ১৮ সেমি. |
| 500 ## - GENERAL NOTE | |
| General note | ১৯২০ সালে সাহিত্যে নোবেল বিজয়ী নরওয়েজীয় লেখক। |
| 650 ## - SUBJECT ADDED ENTRY--TOPICAL TERM | |
| Topical term or geographic name as entry element | নরওয়েজীয় সাহিত্য |
| 9 (RLIN) | 120718 |
| Topical term or geographic name as entry element | Norwegian Literature |
| 9 (RLIN) | 120719 |
| 700 ## - ADDED ENTRY--PERSONAL NAME | |
| Personal name | সেনগুপ্ত,অচিন্তকুমার |
| 942 ## - ADDED ENTRY ELEMENTS (KOHA) | |
| Source of classification or shelving scheme | Dewey Decimal Classification |
| Koha item type | Books |
| Lost status | Source of classification or shelving scheme | Damaged status | Not for loan | Collection code | Permanent Location | Current Location | Shelving location | Date acquired | Source of acquisition | Cost, normal purchase price | Total Checkouts | Full call number | Date last seen | Copy number | Koha item type |
|---|---|---|---|---|---|---|---|---|---|---|---|---|---|---|---|
| Dewey Decimal Classification | Non-fiction | Central Library, University of Rajshahi | Central Library, University of Rajshahi | 17/11/1955 | puthia rajbari | 0.00 | B 839.82 HAP 1929 | 13/08/2016 | C-2 | Books |